000 00328nam a2200145Ia 4500
003 OSt
008 191201s2012 xx 000 0 und d
082 _a512.94
_bKAT
100 _aKAPOOR, NM
245 0 _aText Book of Differential Equations
260 _bPitambar
_c2012
300 _a847
650 _aApplied
942 _2ddc
_cBK
999 _c7126
_d7126